000
00315nam a2200121Ia 4500
008
230907s9999||||xx |||||||||||||| ||und||
082
_a
891.4392
_b
JAN
245
0
_a
گرد باد ; Gardbaad /
260
_a
Sang-e-Meel Publications,
_b
Lahore :
_c
2013
300
_a
248 p.
650
_a
Urdu Literature
942
_c
BK
999
_c
601231
_d
601231